000 00546nam a2200169 a 4500
001 6706
003 CO-ViMGA
008 141112s2004 ck r 000 u spa d
040 _aCO-ViMGA
_bspa
_cCO-ViMGA
082 0 4 _a346.066 A527
100 1 _aAndrade Otaiza, Jose Vicente
_95614
245 1 0 _aLa escisión de sociedades mercantiles :
_bnoción, función y regulación normativa doctrina y jurisprudencia
260 _aSantafé de Bogotá :
_bJurídica Radar,
_c1995
300 _a185 p
650 1 4 _aSOCIEDADES (DERECHO)
_94073
942 _2ddc
_cBK
999 _c18675
_d18675